MARC details
| 000 -LEADER |
| fixed length control field |
02698cam a2200469 i 4500 |
| 001 - CONTROL NUMBER |
| control field |
on1351733496 |
| 003 - CONTROL NUMBER IDENTIFIER |
| control field |
OCoLC |
| 005 - DATE AND TIME OF LATEST TRANSACTION |
| control field |
20230522124827.0 |
| 008 - FIXED-LENGTH DATA ELEMENTS--GENERAL INFORMATION |
| fixed length control field |
221127s2023 nyuaf e b 001 0beng d |
| 020 ## - INTERNATIONAL STANDARD BOOK NUMBER |
| International Standard Book Number |
9781335449887 |
| Qualifying information |
(hardcover) |
| 020 ## - INTERNATIONAL STANDARD BOOK NUMBER |
| International Standard Book Number |
1335449884 |
| Qualifying information |
(hardcover) |
| 035 ## - SYSTEM CONTROL NUMBER |
| System control number |
(OCoLC)1351733496 |
| Canceled/invalid control number |
(OCoLC)1351740885 |
| 040 ## - CATALOGING SOURCE |
| Original cataloging agency |
YDX |
| Language of cataloging |
eng |
| Description conventions |
rda |
| Transcribing agency |
YDX |
| Modifying agency |
BDX |
| -- |
PX0 |
| -- |
JVK |
| -- |
RNL |
| -- |
CGB |
| -- |
YU6 |
| -- |
VP@ |
| -- |
UOK |
| 043 ## - GEOGRAPHIC AREA CODE |
| Geographic area code |
nwcu--- |
| -- |
n-us--- |
| 049 ## - LOCAL HOLDINGS (OCLC) |
| Holding library |
UOKA |
| 050 14 - LIBRARY OF CONGRESS CALL NUMBER |
| Classification number |
UB271.C92 |
| Item number |
M655 2023 |
| 082 04 - DEWEY DECIMAL CLASSIFICATION NUMBER |
| Classification number |
327.127291/073092 |
| -- |
B |
| Edition number |
23/eng/20221129 |
| 092 ## - LOCALLY ASSIGNED DEWEY CALL NUMBER (OCLC) |
| Classification number |
Nonfiction |
| Item number |
92 Montes |
| 999 ## - SYSTEM CONTROL NUMBERS (KOHA) |
| Koha Dewey Subclass [OBSOLETE] |
03820162 |
| 100 1# - MAIN ENTRY--PERSONAL NAME |
| Personal name |
Popkin, Jim |
| Relator term |
author. |
| 9 (RLIN) |
6460549 |
| 245 10 - TITLE STATEMENT |
| Title |
Code name Blue Wren : |
| Remainder of title |
the true story of America's most dangerous female spy--and the sister she betrayed / |
| Statement of responsibility, etc |
Jim Popkin. |
| 246 30 - VARYING FORM OF TITLE |
| Title proper/short title |
Blue Wren : |
| Remainder of title |
the true story of America's most dangerous female spy--and the sister she betrayed |
| 246 30 - VARYING FORM OF TITLE |
| Title proper/short title |
True story of America's most dangerous female spy--and the sister she betrayed |
| 264 #1 - Production, Publication, Distribution, Manufacture, and Copyright Notice. |
| Place of production, publication, distribution, manufacture |
Toronto, Ontario, Canada : |
| Name of producer, publisher, distributor, manufacturer |
Hanover Square Press, |
| Date of production, publication, distribution, manufacture, or copyr |
[2023] |
| 300 ## - PHYSICAL DESCRIPTION |
| Extent |
351 pages, 16 unnumbered leaves of plates : |
| Other physical details |
illustrations (chiefly color) ; |
| Dimensions |
24 cm. |
| 336 ## - Content Type |
| Content type term |
text |
| 336 ## - Content Type |
| Content type term |
still image |
| 337 ## - Media type |
| Media type term |
unmediated |
| 338 ## - Carrier type |
| Carrier type term |
volume |
| 504 ## - BIBLIOGRAPHY, ETC. NOTE |
| Bibliography, etc |
Includes bibliographical references (pages 315-337) and index. |
| 520 ## - SUMMARY, ETC. |
| Summary, etc |
"Like spies Aldrich Ames and Robert Hanssen before her, Ana Montes blindsided her colleagues with brazen acts of treason. For nearly 17 years, Montes succeeded in two high-stress jobs. By day, she was one of the government's top Cuba experts, a buttoned-down GS-14 with shockingly easy access to classified documents. By night, she was on the clock for Fidel Castro, listening to coded messages over shortwave radio, passing US secrets to handlers in local restaurants, and slipping into Havana wearing a wig. In Code Name Blue Wren, investigative journalist Jim Popkin weaves the tale of two sisters who chose two very different paths, plus the unsung heroes who had to fight to bring Ana to justice"-- |
| 600 10 - SUBJECT ADDED ENTRY--PERSONAL NAME |
| Personal name |
Montes, Ana Belen |
| 9 (RLIN) |
6460550 |
| 610 10 - SUBJECT ADDED ENTRY--CORPORATE NAME |
| Corporate name or jurisdiction name as entry element |
United States. |
| Subordinate unit |
Defense Intelligence Agency |
| General subdivision |
Officials and employees |
| Form subdivision |
Biography. |
| 9 (RLIN) |
6467782 |
| 610 10 - SUBJECT ADDED ENTRY--CORPORATE NAME |
| Corporate name or jurisdiction name as entry element |
United States. |
| Subordinate unit |
Defense Intelligence Agency |
| 9 (RLIN) |
6460551 |
| 650 #0 - SUBJECT ADDED ENTRY--TOPICAL TERM |
| Topical term or geographic name as entry element |
Spies |
| Geographic subdivision |
Cuba |
| Form subdivision |
Biography. |
| 9 (RLIN) |
6467783 |
| 650 #0 - SUBJECT ADDED ENTRY--TOPICAL TERM |
| Topical term or geographic name as entry element |
Moles (Spies) |
| Form subdivision |
Biography. |
| 9 (RLIN) |
6467784 |
| 650 #0 - SUBJECT ADDED ENTRY--TOPICAL TERM |
| Topical term or geographic name as entry element |
Espionage, Cuban |
| General subdivision |
History |
| Chronological subdivision |
20th century. |
| 9 (RLIN) |
6460553 |
| 650 #0 - SUBJECT ADDED ENTRY--TOPICAL TERM |
| Topical term or geographic name as entry element |
Espionage, Cuban |
| General subdivision |
History |
| Chronological subdivision |
21st century. |
| 9 (RLIN) |
6460554 |
| 655 #7 - INDEX TERM--GENRE/FORM |
| Genre/form data or focus term |
True crime stories |
| Source of term |
lcgft |
| 9 (RLIN) |
5703678 |
| 655 #7 - INDEX TERM--GENRE/FORM |
| Genre/form data or focus term |
Biographies |
| Source of term |
lcgft |
| 9 (RLIN) |
5691024 |
| 942 ## - ADDED ENTRY ELEMENTS (KOHA) |
| Source of classification or shelving scheme |
Dewey Decimal Classification |
| Koha item type |
BOOK |